000 00582nam a22001697a 4500
003 PILC
005 20250214134906.0
008 150605b xxu||||| |||| 00| 0 eng d
050 _aQA 76
_b.P676 2009
100 _aPiscoso, Martin Louie G.
245 _aApartment rental system application software for mrs. Carmen G. Gabriel /
_cMark Louie G. Piscoso.
260 _aLas PiƱas City :
_bSISC,
_c2009.
300 _av, 70 pages :
_b illustrations ;
_c28 cm.
500 _aIncludes bibliographical references and indexes.
650 _aApplication software.
942 _2lcc
_cTH
_kLOC
999 _c284751
_d284751